000
00213 a2200097 4500
001
14804
100
_a
Amjad
245
_a
Iqbal Fikr-o-Fun
260
_a
Rawalpindi
_b
Nadeem publications
_c
090
_c
11583
_d
11583
942
_a
NUST-CAE
_c
M
_c
1762
999
_c
249877
_d
249877